Fr. Conceicao Rodrigues College of Engineering

TCP/IP Illustrated Vol 2 (Record no. 31079)

MARC details
000 -LEADER
fixed length control field 00313nam a2200145Ia 4500
100 ## - MAIN ENTRY--PERSONAL NAME
Personal name Wright/ Gary R/ Stevens/ W.R.
245 ## - TITLE STATEMENT
Title TCP/IP Illustrated Vol 2
260 ## - PUBLICATION, DISTRIBUTION, ETC.
Name of publisher, distributor, etc. ADDISON WESLEY
Place of publication, distribution, etc. Reading
Date of publication, distribution, etc. 1995
300 ## - PHYSICAL DESCRIPTION
Extent 1174
490 ## - SERIES STATEMENT
Volume/sequential designation 2
546 ## - LANGUAGE NOTE
Language note ENGLISH
654 ## - SUBJECT ADDED ENTRY--FACETED TOPICAL TERMS
Focus term TCP/IP
942 ## - ADDED ENTRY ELEMENTS (KOHA)
Koha item type BOOK
Holdings
Withdrawn status Lost status Damaged status Not for loan Collection Home library Current library Date acquired Total Checkouts Full call number Barcode Date last seen Price effective from Koha item type Shelving location
        CRC Fr. Agnel's C.Rodrigues College of Engineering Fr. Agnel's C.Rodrigues College of Engineering 17/03/2023   10418 17/03/2023 17/03/2023 BOOK  
        CRC Fr. Agnel's C.Rodrigues College of Engineering Fr. Agnel's C.Rodrigues College of Engineering 17/03/2023   10922 17/03/2023 17/03/2023 BOOK  
        CRC Fr. Agnel's C.Rodrigues College of Engineering Fr. Agnel's C.Rodrigues College of Engineering 17/03/2023   10923 17/03/2023 17/03/2023 BOOK  
        CRC Fr. Agnel's C.Rodrigues College of Engineering Fr. Agnel's C.Rodrigues College of Engineering 17/03/2023   4.62 WRI/STE 8823 17/03/2023 17/03/2023 BOOK